000 00495nam a22001817a 4500
003 CEME
005 20210628202659.0
008 210122b xxu||||| |||| 00| 0 eng d
020 _a1-58053-849-5
040 _cceme
082 _a621.38224 MAS
100 _aMass, Stephen A
_961048
245 _aNoise in linear and nonlinear circuits
260 _aNEW YORK
_bARTECH HOUSE
_c2005
300 _aXIV,276 P
650 _aELECTRONIC CIRCUITS - NOISE, ELECTRONIC NOISE
_961049
942 _cBK
_2ddc
999 _c570613
_d570613